000 00569nam a2200193Ia 4500
005 20250326144853.0
008 250326s9999 xx 000 0 und d
020 _a0-415-27002-2
037 _aTextbook
040 _aFMSL
_beng
_cFMSL
041 _aeng
_2eng
084 _aX:8 P2
_qFMSL
100 _aSkoldberg Kaj
_9143484
245 0 _aPoetic logic of administration:style and change of style in the art of organisation
_cSkoldberg Kaj
260 _aNY
_bNY, Routledge
_c2002
300 _axiv,273
942 _cTB
_hX:8 P2
999 _c1305395
_d1305395